<?xml version="1.0" encoding="UTF-8"?>
<marc:record xmlns:marc="http://www.loc.gov/MARC21/slim" type="Bibliographic">
   <marc:leader>00000pam a2200000 c 4500</marc:leader>
   <marc:controlfield tag="001">979737494</marc:controlfield>
   <marc:controlfield tag="003">DE-101</marc:controlfield>
   <marc:controlfield tag="005">20171201235134.0</marc:controlfield>
   <marc:controlfield tag="007">tu</marc:controlfield>
   <marc:controlfield tag="008">060515s2006    gw ||||| |||| 00||||ger  </marc:controlfield>
   <marc:datafield ind1=" " ind2=" " tag="015">
      <marc:subfield code="a">06,A47,0094</marc:subfield>
      <marc:subfield code="z">06,N24,0073</marc:subfield>
      <marc:subfield code="2">dnb</marc:subfield>
   </marc:datafield>
   <marc:datafield ind1="7" ind2=" " tag="016">
      <marc:subfield code="2">DE-101</marc:subfield>
      <marc:subfield code="a">979737494</marc:subfield>
   </marc:datafield>
   <marc:datafield ind1=" " ind2=" " tag="020">
      <marc:subfield code="a">9783518584699</marc:subfield>
      <marc:subfield code="c">Pp. : EUR 49.80 (DE), EUR 51.20 (AT), sfr 84.00</marc:subfield>
      <marc:subfield code="9">978-3-518-58469-9</marc:subfield>
   </marc:datafield>
   <marc:datafield ind1=" " ind2=" " tag="020">
      <marc:subfield code="a">3518584693</marc:subfield>
      <marc:subfield code="c">Pp. : EUR 49.80 (DE), EUR 51.20 (AT), sfr 84.00</marc:subfield>
      <marc:subfield code="9">3-518-58469-3</marc:subfield>
   </marc:datafield>
   <marc:datafield ind1="3" ind2=" " tag="024">
      <marc:subfield code="a">9783518584699</marc:subfield>
   </marc:datafield>
   <marc:datafield ind1="5" ind2="2" tag="028">
      <marc:subfield code="a">Best.-Nr. 58469</marc:subfield>
   </marc:datafield>
   <marc:datafield ind1=" " ind2=" " tag="035">
      <marc:subfield code="a">(DE-599)DNB979737494</marc:subfield>
   </marc:datafield>
   <marc:datafield ind1=" " ind2=" " tag="035">
      <marc:subfield code="a">(OCoLC)162438543</marc:subfield>
   </marc:datafield>
   <marc:datafield ind1=" " ind2=" " tag="040">
      <marc:subfield code="a">1245</marc:subfield>
      <marc:subfield code="b">ger</marc:subfield>
      <marc:subfield code="c">DE-101</marc:subfield>
      <marc:subfield code="d">9999</marc:subfield>
   </marc:datafield>
   <marc:datafield ind1=" " ind2=" " tag="041">
      <marc:subfield code="a">ger</marc:subfield>
      <marc:subfield code="h">eng</marc:subfield>
   </marc:datafield>
   <marc:datafield ind1=" " ind2=" " tag="044">
      <marc:subfield code="c">XA-DE-HE</marc:subfield>
   </marc:datafield>
   <marc:datafield ind1="7" ind2="4" tag="082">
      <marc:subfield code="a">100</marc:subfield>
      <marc:subfield code="q">DE-101</marc:subfield>
      <marc:subfield code="2">22sdnb</marc:subfield>
   </marc:datafield>
   <marc:datafield ind1=" " ind2=" " tag="090">
      <marc:subfield code="a">b</marc:subfield>
   </marc:datafield>
   <marc:datafield ind1="1" ind2=" " tag="100">
      <marc:subfield code="0">(DE-588)118893343</marc:subfield>
      <marc:subfield code="0">http://d-nb.info/gnd/118893343</marc:subfield>
      <marc:subfield code="0">(DE-101)118893343</marc:subfield>
      <marc:subfield code="a">Cavell, Stanley</marc:subfield>
      <marc:subfield code="d">1926-</marc:subfield>
      <marc:subfield code="e">Verfasser</marc:subfield>
      <marc:subfield code="4">aut</marc:subfield>
   </marc:datafield>
   <marc:datafield ind1="0" ind2="0" tag="245">
      <marc:subfield code="a">&#x98;Der&#x9c; Anspruch der Vernunft</marc:subfield>
      <marc:subfield code="b">Wittgenstein, Skeptizismus, Moral und Tragödie</marc:subfield>
      <marc:subfield code="c">Stanley Cavell. Aus dem Amerikan. von Christiana Goldmann</marc:subfield>
   </marc:datafield>
   <marc:datafield ind1=" " ind2=" " tag="250">
      <marc:subfield code="a">1. Aufl.</marc:subfield>
   </marc:datafield>
   <marc:datafield ind1=" " ind2=" " tag="259">
      <marc:subfield code="a">11</marc:subfield>
   </marc:datafield>
   <marc:datafield ind1=" " ind2="1" tag="264">
      <marc:subfield code="a">Frankfurt am Main</marc:subfield>
      <marc:subfield code="b">Suhrkamp</marc:subfield>
      <marc:subfield code="c">2006</marc:subfield>
   </marc:datafield>
   <marc:datafield ind1=" " ind2=" " tag="300">
      <marc:subfield code="a">794 S.</marc:subfield>
      <marc:subfield code="c">21 cm</marc:subfield>
   </marc:datafield>
   <marc:datafield ind1=" " ind2=" " tag="336">
      <marc:subfield code="a">Text</marc:subfield>
      <marc:subfield code="b">txt</marc:subfield>
      <marc:subfield code="2">rdacontent</marc:subfield>
   </marc:datafield>
   <marc:datafield ind1=" " ind2=" " tag="337">
      <marc:subfield code="a">ohne Hilfsmittel zu benutzen</marc:subfield>
      <marc:subfield code="b">n</marc:subfield>
      <marc:subfield code="2">rdamedia</marc:subfield>
   </marc:datafield>
   <marc:datafield ind1=" " ind2=" " tag="338">
      <marc:subfield code="a">Band</marc:subfield>
      <marc:subfield code="b">nc</marc:subfield>
      <marc:subfield code="2">rdacarrier</marc:subfield>
   </marc:datafield>
   <marc:datafield ind1=" " ind2=" " tag="500">
      <marc:subfield code="a">Literaturverz. S. 787 - 791</marc:subfield>
   </marc:datafield>
   <marc:datafield ind1="1" ind2="7" tag="600">
      <marc:subfield code="0">(DE-588)118634313</marc:subfield>
      <marc:subfield code="0">http://d-nb.info/gnd/118634313</marc:subfield>
      <marc:subfield code="0">(DE-101)118634313</marc:subfield>
      <marc:subfield code="a">Wittgenstein, Ludwig</marc:subfield>
      <marc:subfield code="d">1889-1951</marc:subfield>
      <marc:subfield code="2">gnd</marc:subfield>
   </marc:datafield>
   <marc:datafield ind1="1" ind2="7" tag="600">
      <marc:subfield code="0">(DE-588)118634313</marc:subfield>
      <marc:subfield code="0">http://d-nb.info/gnd/118634313</marc:subfield>
      <marc:subfield code="0">(DE-101)118634313</marc:subfield>
      <marc:subfield code="a">Wittgenstein, Ludwig</marc:subfield>
      <marc:subfield code="d">1889-1951</marc:subfield>
      <marc:subfield code="2">gnd</marc:subfield>
   </marc:datafield>
   <marc:datafield ind1="1" ind2="7" tag="600">
      <marc:subfield code="0">(DE-588)118634313</marc:subfield>
      <marc:subfield code="0">http://d-nb.info/gnd/118634313</marc:subfield>
      <marc:subfield code="0">(DE-101)118634313</marc:subfield>
      <marc:subfield code="a">Wittgenstein, Ludwig</marc:subfield>
      <marc:subfield code="d">1889-1951</marc:subfield>
      <marc:subfield code="2">gnd</marc:subfield>
   </marc:datafield>
   <marc:datafield ind1=" " ind2="7" tag="650">
      <marc:subfield code="0">(DE-588)4066559-8</marc:subfield>
      <marc:subfield code="0">http://d-nb.info/gnd/4066559-8</marc:subfield>
      <marc:subfield code="0">(DE-101)040665593</marc:subfield>
      <marc:subfield code="a">Wissen</marc:subfield>
      <marc:subfield code="2">gnd</marc:subfield>
   </marc:datafield>
   <marc:datafield ind1=" " ind2="7" tag="650">
      <marc:subfield code="0">(DE-588)4005248-5</marc:subfield>
      <marc:subfield code="0">http://d-nb.info/gnd/4005248-5</marc:subfield>
      <marc:subfield code="0">(DE-101)040052486</marc:subfield>
      <marc:subfield code="a">Begriff</marc:subfield>
      <marc:subfield code="2">gnd</marc:subfield>
   </marc:datafield>
   <marc:datafield ind1=" " ind2="7" tag="650">
      <marc:subfield code="0">(DE-588)4056486-1</marc:subfield>
      <marc:subfield code="0">http://d-nb.info/gnd/4056486-1</marc:subfield>
      <marc:subfield code="0">(DE-101)04056486X</marc:subfield>
      <marc:subfield code="a">Sprachphilosophie</marc:subfield>
      <marc:subfield code="2">gnd</marc:subfield>
   </marc:datafield>
   <marc:datafield ind1=" " ind2="7" tag="650">
      <marc:subfield code="0">(DE-588)4070914-0</marc:subfield>
      <marc:subfield code="0">http://d-nb.info/gnd/4070914-0</marc:subfield>
      <marc:subfield code="0">(DE-101)040709140</marc:subfield>
      <marc:subfield code="a">Erkenntnistheorie</marc:subfield>
      <marc:subfield code="2">gnd</marc:subfield>
   </marc:datafield>
   <marc:datafield ind1=" " ind2="7" tag="650">
      <marc:subfield code="0">(DE-588)4055225-1</marc:subfield>
      <marc:subfield code="0">http://d-nb.info/gnd/4055225-1</marc:subfield>
      <marc:subfield code="0">(DE-101)04055225X</marc:subfield>
      <marc:subfield code="a">Skeptizismus</marc:subfield>
      <marc:subfield code="2">gnd</marc:subfield>
   </marc:datafield>
   <marc:datafield ind1=" " ind2="7" tag="650">
      <marc:subfield code="0">(DE-588)4066559-8</marc:subfield>
      <marc:subfield code="0">http://d-nb.info/gnd/4066559-8</marc:subfield>
      <marc:subfield code="0">(DE-101)040665593</marc:subfield>
      <marc:subfield code="a">Wissen</marc:subfield>
      <marc:subfield code="2">gnd</marc:subfield>
   </marc:datafield>
   <marc:datafield ind1=" " ind2="7" tag="650">
      <marc:subfield code="0">(DE-588)4040222-8</marc:subfield>
      <marc:subfield code="0">http://d-nb.info/gnd/4040222-8</marc:subfield>
      <marc:subfield code="0">(DE-101)040402223</marc:subfield>
      <marc:subfield code="a">Moral</marc:subfield>
      <marc:subfield code="2">gnd</marc:subfield>
   </marc:datafield>
   <marc:datafield ind1=" " ind2=" " tag="653">
      <marc:subfield code="a">(VLB-PF)BB: Gebunden</marc:subfield>
   </marc:datafield>
   <marc:datafield ind1="0" ind2="0" tag="689">
      <marc:subfield code="0">(DE-588)118634313</marc:subfield>
      <marc:subfield code="0">http://d-nb.info/gnd/118634313</marc:subfield>
      <marc:subfield code="0">(DE-101)118634313</marc:subfield>
      <marc:subfield code="D">p</marc:subfield>
      <marc:subfield code="a">Wittgenstein, Ludwig</marc:subfield>
      <marc:subfield code="d">1889-1951</marc:subfield>
   </marc:datafield>
   <marc:datafield ind1="0" ind2="1" tag="689">
      <marc:subfield code="0">(DE-588)4066559-8</marc:subfield>
      <marc:subfield code="0">http://d-nb.info/gnd/4066559-8</marc:subfield>
      <marc:subfield code="0">(DE-101)040665593</marc:subfield>
      <marc:subfield code="D">s</marc:subfield>
      <marc:subfield code="a">Wissen</marc:subfield>
   </marc:datafield>
   <marc:datafield ind1="0" ind2="2" tag="689">
      <marc:subfield code="0">(DE-588)4005248-5</marc:subfield>
      <marc:subfield code="0">http://d-nb.info/gnd/4005248-5</marc:subfield>
      <marc:subfield code="0">(DE-101)040052486</marc:subfield>
      <marc:subfield code="D">s</marc:subfield>
      <marc:subfield code="a">Begriff</marc:subfield>
   </marc:datafield>
   <marc:datafield ind1="0" ind2=" " tag="689">
      <marc:subfield code="5">DE-101</marc:subfield>
      <marc:subfield code="5">DE-101</marc:subfield>
   </marc:datafield>
   <marc:datafield ind1="1" ind2="0" tag="689">
      <marc:subfield code="0">(DE-588)118634313</marc:subfield>
      <marc:subfield code="0">http://d-nb.info/gnd/118634313</marc:subfield>
      <marc:subfield code="0">(DE-101)118634313</marc:subfield>
      <marc:subfield code="D">p</marc:subfield>
      <marc:subfield code="a">Wittgenstein, Ludwig</marc:subfield>
      <marc:subfield code="d">1889-1951</marc:subfield>
   </marc:datafield>
   <marc:datafield ind1="1" ind2="1" tag="689">
      <marc:subfield code="0">(DE-588)4056486-1</marc:subfield>
      <marc:subfield code="0">http://d-nb.info/gnd/4056486-1</marc:subfield>
      <marc:subfield code="0">(DE-101)04056486X</marc:subfield>
      <marc:subfield code="D">s</marc:subfield>
      <marc:subfield code="a">Sprachphilosophie</marc:subfield>
   </marc:datafield>
   <marc:datafield ind1="1" ind2="2" tag="689">
      <marc:subfield code="0">(DE-588)4070914-0</marc:subfield>
      <marc:subfield code="0">http://d-nb.info/gnd/4070914-0</marc:subfield>
      <marc:subfield code="0">(DE-101)040709140</marc:subfield>
      <marc:subfield code="D">s</marc:subfield>
      <marc:subfield code="a">Erkenntnistheorie</marc:subfield>
   </marc:datafield>
   <marc:datafield ind1="1" ind2="3" tag="689">
      <marc:subfield code="0">(DE-588)4055225-1</marc:subfield>
      <marc:subfield code="0">http://d-nb.info/gnd/4055225-1</marc:subfield>
      <marc:subfield code="0">(DE-101)04055225X</marc:subfield>
      <marc:subfield code="D">s</marc:subfield>
      <marc:subfield code="a">Skeptizismus</marc:subfield>
   </marc:datafield>
   <marc:datafield ind1="1" ind2=" " tag="689">
      <marc:subfield code="5">DE-101</marc:subfield>
      <marc:subfield code="5">DE-101</marc:subfield>
   </marc:datafield>
   <marc:datafield ind1="2" ind2="0" tag="689">
      <marc:subfield code="0">(DE-588)118634313</marc:subfield>
      <marc:subfield code="0">http://d-nb.info/gnd/118634313</marc:subfield>
      <marc:subfield code="0">(DE-101)118634313</marc:subfield>
      <marc:subfield code="D">p</marc:subfield>
      <marc:subfield code="a">Wittgenstein, Ludwig</marc:subfield>
      <marc:subfield code="d">1889-1951</marc:subfield>
   </marc:datafield>
   <marc:datafield ind1="2" ind2="1" tag="689">
      <marc:subfield code="0">(DE-588)4066559-8</marc:subfield>
      <marc:subfield code="0">http://d-nb.info/gnd/4066559-8</marc:subfield>
      <marc:subfield code="0">(DE-101)040665593</marc:subfield>
      <marc:subfield code="D">s</marc:subfield>
      <marc:subfield code="a">Wissen</marc:subfield>
   </marc:datafield>
   <marc:datafield ind1="2" ind2="2" tag="689">
      <marc:subfield code="0">(DE-588)4040222-8</marc:subfield>
      <marc:subfield code="0">http://d-nb.info/gnd/4040222-8</marc:subfield>
      <marc:subfield code="0">(DE-101)040402223</marc:subfield>
      <marc:subfield code="D">s</marc:subfield>
      <marc:subfield code="a">Moral</marc:subfield>
   </marc:datafield>
   <marc:datafield ind1="2" ind2=" " tag="689">
      <marc:subfield code="5">DE-101</marc:subfield>
      <marc:subfield code="5">DE-101</marc:subfield>
   </marc:datafield>
   <marc:datafield ind1="1" ind2="2" tag="700">
      <marc:subfield code="a">Cavell, Stanley</marc:subfield>
      <marc:subfield code="d">1926-</marc:subfield>
      <marc:subfield code="t">&#x98;The&#x9c; claim of reason</marc:subfield>
      <marc:subfield code="g">dt.</marc:subfield>
   </marc:datafield>
   <marc:datafield ind1=" " ind2=" " tag="850">
      <marc:subfield code="a">DE-101a</marc:subfield>
      <marc:subfield code="a">DE-101b</marc:subfield>
   </marc:datafield>
   <marc:datafield ind1="4" ind2="2" tag="856">
      <marc:subfield code="m">V:DE-604</marc:subfield>
      <marc:subfield code="q">application/pdf</marc:subfield>
      <marc:subfield code="u">http://d-nb.info/979737494/04</marc:subfield>
      <marc:subfield code="3">Inhaltsverzeichnis</marc:subfield>
   </marc:datafield>
   <marc:datafield ind1="r" ind2=" " tag="925">
      <marc:subfield code="a">ra</marc:subfield>
   </marc:datafield>
</marc:record>
